Statistics for Broadway Musicals by Character

Click here to take the quiz!

General Stats

  • This quiz has been taken 3,995 times
    (3,883 since last reset)
  • The average score is 14 of 23

Answer Stats

Hint Answer % Correct
Jean ValjeanLes Miserables
91%
Danny ZucoGrease
90%
Captain Georg Von TrappThe Sound of Music
88%
Elphaba ThroppWicked
88%
Roxie HartChicago
85%
Dorothy GaleThe Wizard of Oz
84%
Tracy TurnbladHairspray
83%
Miss HanniganAnnie
82%
Christine DaaeThe Phantom of the Opera
79%
Eliza DolittleMy Fair Lady
76%
Mister MistoffoleesCats
73%
Reb TevyeFiddler on the Roof
57%
Audrey IILittle Shop of Horrors
55%
Sky MastersonGuys and Dolls
51%
Laurey WilliamsOklahoma!
46%
Harold HillThe Music Man
42%
Leo BloomThe Producers
41%
Tony WycekWest Side Story
40%
Nellie ForbushSouth Pacific
35%
Jack KelleyNewsies
35%
Benjamin BarkerSweeney Todd: The Demon Barber of Fleet Street
32%
Kim MacAfeeBye Bye Birdie
28%
Cassie FergusonA Chorus Line
24%

Score Distribution

Percentile by Number Answered

Percent of People with Each Score

Your Score History

You have not taken this quiz since the last reset